As-Sakhrah : the miraculous Rock of Jerusalem

Bibliographic Details
Main Author: Owadally, Mohamad Yasin (Author)
Format: Book
Published: Kuala Lumpur : A. S. Noordeen , 1997
Subjects:

MARC

LEADER 00000cam a2200000 7i4500
001 0000000801
005 20021118093000.0
008 021118s1997
020 |a 983064043X 
090 0 0 |a DS109.32.R6   |b O9 1997 
100 0 |a Owadally, Mohamad Yasin ,   |e author 
245 0 0 |a As-Sakhrah :   |b the miraculous Rock of Jerusalem   |c Mohamad Yasin Owadally 
260 2 |a Kuala Lumpur :   |b A. S. Noordeen ,   |c 1997 
300 |a v, 32 p. : plates ; ;   |c 25 cm. 
651 0 |a Qubbat al-Sakhrah (Mosque : Jerusalem) 
999 |a 1000079887   |b Book   |c OPEN SHELF (30 DAYS)   |e Gong Badak Campus